Harry Potter - fast typing book titles - Statistics

General Stats
  • This quiz has been taken 853 times
    847 since last reset
  • The average score is 6 of 7
Answer Stats
Answer % Correct
2 : Harry Potter and the... Chamber of Secrets
93%
4 : Harry Potter and the... Goblet of Fire
88%
1 : Harry Potter and the... Philosopher's Stone
88%
3 : Harry Potter and the... Prisoner of Azkaban
88%
6 : Harry Potter and the ... Half-Blood-Prince
81%
5 : Harry Potter and the... Order of the Phoenix
79%
7 : Harry Potter and the... Deathly Hallows
77%
No matching quizzes found
Score Distribution
Percent of People with Each Score
Percentile by Number Answered
Your Score History
You have not taken this quiz since the last reset